000 00877nam a2200277 a 4500
003 BLK
005 20240613111115.0
008 180411b bul|||||r ||||||| ||bul||
020 _a9789542819820
040 _aBLK
041 _aBUL
_cBUL
080 _aТурска литература
_b821.512.161
_x-32
_z821.512.161-32
100 1 _aКопан, Йекта
_eпърви автор
_982246
139 _aКопан, Йекта
_bК 84
245 1 0 _aСестри
_cЙекта Копан ; прев. от тур. Елен Кирчева.
257 _aTUR
260 _aСофия
_bСиела Норма
_c2016
300 _a112 с.
_c21 см
380 _aX
500 _aОриг. загл. Ailen cay bancesi / Yekta Kopan
700 _aКирчева, Елен Димитрова
_9443029
852 _bО
856 4 _qpdf
856 4 _qpdf
942 _cKNG
_n0
999 _c178411
_d178411
944 _k30550
_lКети Илиева